000 00823nam a2200217 a 4500
001 64802
003 BD-RjUL
005 20211209081343.0
008 170222s1989 ii a|||| |||| 00| 0 eng d
035 _a(BD-RjUL)64932
040 _aBD-RjUL
_bben
_cBD-RjUL
_dBD-RjUL
041 _aben
082 _223
_a891.4408
_bDHA 1989
100 1 _aধর, ধীরেন্দ্রলাল
_9192138
245 0 1 _aআহরনী /
_cধীরেন্দ্রলাল ধর
260 _aকলিকাতা :
_bশিশুসাহিত্য পরিষদ,
_c১৯৮৯ [১৩৯৬].
300 _a৪৯২ পৃ. :
_bচিত্র. ;
_c২২ সেমি.
650 _aবাংলা সাহিত্য
_vসংগ্রহ
_9182973
650 _aBengali Literature
_vCollections
_9188824
942 _2ddc
_cBK
999 _c64802
_d64802